| 000 | 01565nam a2200301Ia 4500 | ||
|---|---|---|---|
| 999 |
_c54455 _d54455 |
||
| 001 | 21517 | ||
| 003 | GE_BSU | ||
| 005 | 20211125172114.0 | ||
| 008 | 181216s2017||||ge |||||||||||||| ||geo|| | ||
| 020 | _a9789941098567 | ||
| 040 | _cGE_BSU | ||
| 041 | _ageo | ||
| 080 | _a343.9 ნ-31 | ||
| 245 |
_aდანაშაულის პრევენცია : _b(საპოლიციო კონტროლის რისკები) / _cკვლევის ავტ. : ა. ნასრაშვილი, გ. იმნაძე, მ. მხატვარი ; რედ. ნ. კალატოზიშვილი. |
||
| 264 |
_aთბილისი : _b[?], _c2017. |
||
| 300 |
_a77, 65 გვ. ; _c24 სმ. |
||
| 500 | _aწაღმა-უკუღმა წიგნი | ||
| 520 | _aწაღმა-უკუღმა წიგნი. | ||
| 541 | _h5 ლ. | ||
| 653 | _aდანაშაულის პრევენცია | ||
| 653 | _aსაპოლიციო კონტროლის რისკები | ||
| 700 |
_aნასრაშვილი, ა. _eავტორი _913066 |
||
| 700 |
_aიმნაძე, გ. _eავტორი _93000 |
||
| 700 |
_aმხატვარი, მ. _eავტორი _913067 |
||
| 700 |
_aკალატოზიშვილი, ნ. _eრედაქტორი _913068 |
||
| 710 |
_aადამიანის უფლებების სწავლებისა და მონიტორინგის ცენტრი _913055 |
||
| 942 |
_cBK _2udc |
||